000 00760nam a2200253Ia 4500
003 OSt
005 20220918164520.0
006 a|||||r|||| 00| 0
007 ta
008 220917b |||||||| |||| 00| 0 eng d
020 _a067008168X (hbk)
_c425
024 _a243,137
037 _b102, 02/07/2010, Anshika Book International
_cTextual
040 _aARTS
_cARTS
_beng
041 _2eng
_aeng
082 _aU8.2, P7
100 _aImhasly Bernard
_919277
245 0 _aGoodbye to Gandhi?
_bTravels in the new India
260 _aDelhi
_bViking India
_c2007
300 _axxiii,195p.
_ccm.
650 _aGEOGRAPHY
942 _hU8.2, P7
_cTEXL
_2CC
999 _c125140
_d125140